|
|
|
|
| LEADER |
00000nam a22000007a 4500 |
| 005 |
20190919221754.0 |
| 007 |
cr|||| ||| |
| 008 |
190919s2019 cm |||||s|||| 00||0 eng d |
| 020 |
|
|
|a 9786200228673
|
| 035 |
|
|
|a 29455
|
| 040 |
|
|
|a vLex
|
| 090 |
|
|
|c 9594
|d 9594
|
| 100 |
1 |
|
|a Donald Njodzela, Kome
|
| 245 |
1 |
0 |
|a Genocide, Discrimination And Marginalization Of Anglophone Cameroon
|h [Recurso electrn̤ico] /
|c Kome Donald Njodzela
|
| 256 |
|
|
|a Servicio en ln̕ea
|
| 260 |
|
|
|a Yaund:̌
|b Lambert Academic Publishing,
|c 2019
|
| 300 |
|
|
|a 1 recurso electrn̤ico
|
| 500 |
|
|
|a This book wants to present another case of genocide, occurring precisely in Cameroon in Central Africa, where the government forces use all kinds of means to eliminate the anglophone community. The English speaking suffered from numerous frustrations emanating from: political marginalization, socio-economic marginalization and judicial marginalization. The international community especially the U N and some western countries like: U S, U K, Germany, Italy, have condemned the government repressive measures against the anglophone community and call for immediate dialogue. The anglophone crisis has witnessed remarkable consequences, ranging from human to material losses. The war has resulted to migration, where thousands migrated as refugee to Nigeria, and internally displace all over the national territory.
|
| 506 |
1 |
|
|a Disponible solo en los productos indicados
|d vLex Global
|d vLex Global (Academic Edition, excluding Law Schools)
|d vLex Global (U.S. Academic Edition, Law Schools)
|d vLex Global (U.S. Academic Edition, excluding Law Schools)
|d vLex Global (Academic Edition, Law Schools)
|
| 650 |
0 |
4 |
|a Derecho Pb︢lico y Administrativo
|z Camern︢
|
| 740 |
0 |
|
|a vLex Libros (Servicio en ln̕ea)
|
| 856 |
4 |
0 |
|u http://vlex.com/source/29455
|z Acceso restringido
|
| 942 |
|
|
|c BOOK
|
| 999 |
0 |
|
|a Public and Administrative Law
|